000 00592nam a2200229Ia 4500
003 OSt
005 20220924150153.0
006 a|||||r|||| 00| 0
007 ta
008 220923b |||||||| |||| 00| 0 tel d
024 _a332091
037 _cTextual
040 _aARTS
_cARTS
_btel
041 _2tel
_atel
082 _aO35,1:g, N1
100 _aKameswari Y.
_9185829
245 0 _aAmritam kurisina raatri
_b vaakyalaya bhaava poshana
260 _c1991
650 _aTELUGU POETRY
942 _hO35,1:g, N1
_cTEXL
_2CC
999 _c462435
_d462435